000 00501nam a2200157Ia 4500
008 240729s9999 xx 000 0 und d
022 _a1848-8013
245 0 _aMathematical Communications
260 _aCroatia
260 _bDepartment of Mathematics, J.J. Strossmayer University of Osijek in cooperation with the Osijek Mathematical Society
650 _a Mathematics
650 _aScience
856 _uhttps://doaj.org/toc/1c9b9bc87b354b5da6ce0a7680c68ff3
942 _2ddc
942 _cDOAJEJ
999 _c66257
_d66257
945 _a1
_bMadushi Gamage
_c1
_dMadushi Gamage